000 00648nam a22002417a 4500
001 BD-DhSAU 7194
003 BD-DhSAU
005 20150520113156.0
008 150520b1999 ii a||||r|||| 001 0 eng d
020 _a8126104074(set)
040 _aBD-DhSAU
082 _222
_a658.03
_bENC
245 _aEncyclopedia of management training vol 2 /
_cedited by M.D. Jitendra.
260 _aNew Delhi :
_bAnmol Publications,
_cc1999.
300 _a761 p. :
_c24 cm.
440 _nVolume 2.
504 _aIncludes index.
590 _ajoy
650 _aEconomics.
650 _aExecutives.
_xTraining.
700 _aJitendra, M.D.
942 _2ddc
_cBOOK
999 _c7194
_d7194